|
|
|
|
| LEADER |
00756nab a2200193 i 4500 |
| 001 |
acta4792 |
| 005 |
20250801144809.0 |
| 008 |
161015s2000 hu o 000 hun d |
| 040 |
|
|
|a SZTE Egyetemi Kiadványok Repozitórium
|b hun
|
| 041 |
|
|
|a hun
|
| 100 |
1 |
|
|a Miklós Péter
|
| 245 |
1 |
0 |
|a Nátly József, a szabadságharc postaigazgatója
|h [elektronikus dokumentum] /
|c Miklós Péter
|
| 260 |
|
|
|a Belvedere Meridionale
|b Szeged
|c 2000
|
| 300 |
|
|
|a 4-10
|
| 490 |
0 |
|
|a Belvedere Meridionale
|v 12 No. 7-8
|
| 650 |
|
4 |
|a Bölcsészettudományok
|
| 650 |
|
4 |
|a Történettudomány és régészet
|
| 695 |
|
|
|a Nátly József, Magyarország története - 19. sz. - életrajz
|
| 856 |
4 |
0 |
|u http://acta.bibl.u-szeged.hu/4792/1/belvedere_2000_007_008_004-010.pdf
|z Dokumentum-elérés
|